Geometría; para tercer año del ciclo básico /
Guardado en:
| Autor Principal: | |
|---|---|
| Otros Autores: | |
| Formato: | Libro |
| Publicado: |
Buenos Aires :
Kapelusz,
1960
|
| Edición: | 13a. ed. |
| Materias: | |
| Etiquetas: |
Agregar Etiqueta
Sin Etiquetas, Sea el primero en etiquetar este registro!
|
| LEADER | 00998nam a22002415a 4500 | ||
|---|---|---|---|
| 001 | CEM.cems005349 | ||
| 005 | 20060220000000.0 | ||
| 008 | 130507s1960##################000#0#####d | ||
| 003 | CEMS | ||
| 082 | 0 | 4 | |a 513 |
| 100 | 1 | |a Repetto, Celina H. | |
| 245 | 1 | 0 | |a Geometría; para tercer año del ciclo básico / |
| 250 | |a 13a. ed. | ||
| 260 | |a Buenos Aires : |b Kapelusz, |c 1960 | ||
| 300 | |a 147 p. | ||
| 505 | 0 | |a Cantidades proporciónales; Segmentos proporciónales; Triangulos semejantes; Multiplicación de segmentos; Relaciónes metricas entre los lados del triangulo; Relaciónes metricas entre segmentos secantes y tangentes a una circunferencia; Poligonos semejantes; Poligonos regulares; Médici,ón de figuras circulares; Funciónes trigonometricas | |
| 653 | |a Circulo | ||
| 653 | |a Geometria 3er. año | ||
| 653 | |a Matematica | ||
| 653 | |a Numero pi | ||
| 653 | |a Segmentos proporcionales | ||
| 700 | 1 | |a Linskens, Marcela | |
| 859 | |a CEMS |b BIB. CEMS - 11 de abril |h 513 |i R299-2a13/III |p 2897.74 |t Ej.1 | ||
